| 000 | 00373nam a2200157Ia 4500 | ||
|---|---|---|---|
| 008 | 100122s9999 xx 000 0 und d | ||
| 082 |
_b65408 _aB823.08 |
||
| 100 | _aBLYTON ENID | ||
| 245 | _aSTORIES FOR BEDTIME | ||
| 250 | _a1 | ||
| 260 |
_bDEAN & SON LTD _c1996 |
||
| 300 | _a184 | ||
| 630 | _aSTORIES FOR BEDTIME | ||
| 730 | _aSTORIES FOR BEDTIME | ||
| 942 | _cBOOK | ||
| 999 |
_c379971 _d379968 |
||